Responses for Show #8353 - Wednesday, March 10, 2021

Champion's winnings & consolation amounts matched to Pancreatic Cancer Dream Team from Stand Up to Cancer.

Contestants

[<< previous game]

James Fraser, a naval aviator from Norfolk, Virginia

Lori White, a fiction and part-time science writer originally from Grangeville, Idaho

Zach Shrier, a financial advisor from Los Angeles, California (whose 1-day cash winnings total $22,801)

[next game >>]

Jeopardy! Round responses

LEADERS
CHARACTERS IN CHILDREN'S LIT
NICKNAMES
U.S. COINS
BRIT SPEAK
I'VE WON AN OSCAR & AN EMMY
    $200 24
the Red Cross

James
    $200 9
Pinocchio

James
    $200 12
(Katie: Yes, my home state.)
[Laughter]

Virginia

Zach
    $200 26
Eisenhower

Lori
    $200 2
porridge

James
    $400 7
Hussein

James
    $400 11
(James: What is a thimble?)
(Zach: What is childhood?)

his shadow

ZachJames
Triple Stumper
    $400 14
(Katie: I'm glad you got that one.)
[Mild laughter]

the Great White Fleet

James
    $400 25
Isabella

James
    $400 3
a vest

Lori
    $400 20
Michael Douglas

Zach
    $600 1
the Hells Angels

James
    $600 28
[The end-of-round signal sounds.]

a Dachshund

Lori
    $600 15
the nightingale

Zach
    $600 17
(Lori: What is a quarter?)
(Zach: What is the dollar?)
(James: What is a half-dollar?)
(Katie: Lots of change, but the wrong responses. We are looking for [*].)

dimes

ZachLoriJames
Triple Stumper
    $600 4
a pram

James
    $600 16
(Katie: She's gonna be upset, [*].)

Gwyneth Paltrow

Triple Stumper
    $800 8
Warsaw

Lori
    $800 13
the "Spruce Goose"

James
    $1,000 18
(Zach: What is the Indian Head penny?)

nickel

Zach
    $800 5
a lorry

James
    $800 21
Kate Winslet

Lori
    $1000 10
Marshall

Lori
    $1000 27
Wonder

James
    $1000 23
(Katie: Less than a minute.)

"The Teflon Don"

James
    $1000 19
Delaware

Lori
    $1000 6
gobsmacked

James
    $1000 22
(Halle) Berry

Zach

Scores at the first commercial break (after clue 15):

Zach Lori James
$400 $2,200 $4,600

Scores at the end of the Jeopardy! Round:

Zach Lori James
$200 $4,200 $6,600

Double Jeopardy! Round responses

WOMEN IN MYTHOLOGY
COLORFUL RIVERS
GOING FROM FIRST TO THIRD
MEDICINE
SONG TITLE ADJECTIVES
-"MATIC"
    $400 30
the Labyrinth

Zach
    $400 2
the Amazon

James
    $400 29
"The First Noel"

Zach
    $400 9
margarita

James
    $400 19
Crazy

Zach
    $400 14
(Zach: What is comic?)

Cinematic

ZachLori
    $800 28
(Katie: That's right, Arachnids.)

a spider

James
    $800 3
(James: What is the White Nile?)

the Blue Nile

ZachJames
    $800 27
the third degree

Zach
    $800 10
bones

Zach
    $800 23
Lucid

Triple Stumper
    $800 15
an aromatic

Lori
    $1200 1
Odin

James
    $1200 6
South Africa

Lori
    $1200 26
the third person

James
    $1200 11
a ligament

Lori
    $1200 22
Bended

Zach
    $1200 16
psychosomatic

Triple Stumper
    $1600 4
Cassandra

Zach
    $2,000 7
the Yellow River

Lori
    $1600 24
second acts

Zach
    $1600 12
(Katie: I didn't know it was a gland, either.)

the liver

Triple Stumper
    $1600 20
Sorry

James
    $1600 17
a schematic

Zach
    $2000 5
Medea

Lori
    $2000 8
Washington

Triple Stumper
    $2000 25
first past the post

James
    $3,000 13
the pulmonary valve

Lori
    $2000 21
Wide Open

James
    $2000 18
pragmatic

James

Scores at the end of the Double Jeopardy! Round:

Zach Lori James
$9,400 $14,800 $17,400

[wagering suggestions for these scores]

Final Jeopardy! Round responses

LITERARY THRILLERS
ZachWhat is The Spy Who Loved Me?
$1,600
LoriWhat is The Spy who Loved Me?
$4,001
JamesWhat is "You Only Live Twice
$12,202
The Spy Who Loved Me

Final scores:

Zach Lori James
$11,000 $18,801 $5,198
2nd place: $2,000 New champion: $18,801 3rd place: $1,000

Game dynamics:

Coryat scores:

Zach Lori James
$10,400 $13,400 $17,400
14 R,
4 W
(including 1 DD)
14 R
(including 2 DDs),
1 W
22 R,
3 W

Combined Coryat: $41,200

[game clues] [game scores] [suggest correction]

Game tape date: 2021-01-19
The J! Archive is created by fans, for fans. Scraping, republication, monetization, and malicious use prohibited; this site may use cookies and collect identifying information. See terms. The Jeopardy! game show and all elements thereof, including but not limited to copyright and trademark thereto, are the property of Jeopardy Productions, Inc. and are protected under law. This website is not affiliated with, sponsored by, or operated by Jeopardy Productions, Inc. Join the discussion at JBoard.tv.